000 00588nam a22002057a 4500
005 20160125073352.0
008 120906s2013 nyua b 001 0 eng
020 _a9780071778190 (alk. paper)
020 _a0071778195 (alk. paper)
041 0 _aeng
080 _a658
100 1 _aSundheim, Doug.
245 1 0 _aTaking smart risks :
_cDoug Sundheim.
260 _aNew York :
_bMcGraw-Hill,
_c2013.
300 _a258 f. :
_bme il.;
_c25 cm.
505 0 _aIndex: f. 249 - 258
650 0 _aOrganizimi
650 0 _aRreziku
942 _2udc
_cBK
999 _c667
_d667